LEADER 01458nam a2200313 u 4500 001 000000002978 003 CaOOAMICUS 005 20070226104505.0 008 941103s1990 be u000 u fre u 020 $a9061863740 035 $a10076210 040 $aPUL(R)$bita 100 1 $aVerbeke, Gérard,$d1910-$0(OLS)http://pul/name/1388 245 10$aD'Aristote à Thomas d'Aquin :$bantécédents de la pensée moderne : recueil d'articles /$cGerard Verbeke. 260 $aLeuven :$bUniversity Press,$c1990. 300 $axvii, 544 p. ;$c25 cm 490 1 $aAncient and medieval philosophy.$aSeries 1 ;$v8 500 $aContiene indici. 504 $aComprende indicazioni bibliografiche. 600 04$aThomas Aquinas,$cs.,$dc. 1225-1274$xCritica e interpretazione.$0(OLS)http://pul/subject/435 600 04$aAristoteles,$d384-322 a.C.$xCritica e interpretazione.$0(OLS)http://pul/subject/434 830 0$aAncient and medieval philosophy.$nSeries 1 ;$v8.$0(OLS)http://pul/title/225 850 $aPUL 852 $aPUL$W1$xSL Religione 1$y3$m80 H 8$j3959$nBK-PRI$b $qStampati$B3959$CPULBib$Z2$F3959 $H $81 941 1 $a8 961 $aINV: 65194 996 $6020$a9061863740$9(OLS)http://pul/number/3942 996 $6245$aD'Aristote à Thomas d'Aquin :$bantécédents de la pensée moderne : recueil d'articles$9(OLS)http://pul/title/4336 996 $6260$aLeuven :$bUniversity Press$9(OLS)http://pul/publisher/47947 LEADER 01334nam a2200289 u 4500 001 000000027963 003 CaOOAMICUS 005 20070226111740.0 008 960314s1965 gw u000 u ger u 035 $a10725954 040 $aPUL$bita 100 1 $aToeche-Mittler, Theodor,$dn. 1837.$0(OLS)http://pul/name/22802 245 10$aKaiser Heinrich VI /$cvon Theodor Toeche. 250 $aUnveränderter reprografischer Nachdruch der ausgabe Leipzig 1867. 260 $aDarmstadt :$bWissenschaftliche Buchgesellschaft,$c1965. 300 $axiv, 746 p. ;$c22 cm 500 $aComprende indici 504 $aBibiografia in nota a fondo pagina 600 04$aHeinrich$bVI,$cimperatore del Sacro romano impero,$d1165-1197.$0(OLS)http://pul/subject/15489 650 4$aSacro Romano Impero$xStoria$ySec. XII.$0(OLS)http://pul/subject/16135 651 4$aSacro romano impero$xStoria$yHeinrich VI, 1190-1197.$0(OLS)http://pul/subject/16136 850 $aPUL 852 $aPUL$W1$xDP1 Fondo Maccarrone$y58$m1504 E 18$j38884$nBK-PRI$b $qFondi$B38884$CPULBib$Z2$F38884 $H $81 941 1 $a1 961 $aINV: 01288 -- Fondo Mons. M. Maccarrone 996 $6245$aKaiser Heinrich VI$9(OLS)http://pul/title/38205 996 $6260$aDarmstadt :$bWissenschaftliche Buchgesellschaft$9(OLS)http://pul/publisher/51457